Western India in the nineteenth century: (Record no. 17785)

MARC details
000 -LEADER
fixed length control field 01086cam a22003251 4500
001 - CONTROL NUMBER
control field 3124866
003 - CONTROL NUMBER IDENTIFIER
control field BDDh-ASL
005 - DATE AND TIME OF LATEST TRANSACTION
control field 20231015025635.0
008 - FIXED-LENGTH DATA ELEMENTS--GENERAL INFORMATION
fixed length control field 710526s1968 enkb b 000 0 eng
010 ## - LIBRARY OF CONGRESS CONTROL NUMBER
LC control number 68136266
015 ## - NATIONAL BIBLIOGRAPHY NUMBER
National bibliography number B68-20471
020 ## - INTERNATIONAL STANDARD BOOK NUMBER
International Standard Book Number 0710045689
040 ## - CATALOGING SOURCE
Original cataloging agency DLC
Transcribing agency DLC
Modifying agency BDDh-ASL
043 ## - GEOGRAPHIC AREA CODE
Geographic area code a-ii---
050 00 - LIBRARY OF CONGRESS CALL NUMBER
Classification number HN690.M33
Item number K8
082 00 - DEWEY DECIMAL CLASSIFICATION NUMBER
Classification number 306.0954
Item number KUW
100 1# - MAIN ENTRY--PERSONAL NAME
Personal name Kumar, Ravinder,
Dates associated with a name 1933-2001.
245 10 - TITLE STATEMENT
Title Western India in the nineteenth century:
Remainder of title a study in the social history of Maharashtra/
Statement of responsibility, etc. Ravinder Kumar
260 ## - PUBLICATION, DISTRIBUTION, ETC.
Place of publication, distribution, etc. London:
Name of publisher, distributor, etc. Routledge & K. Paul,
Place of publication, distribution, etc. Toronto,
Name of publisher, distributor, etc. University of Toronto P.,
Date of publication, distribution, etc. 1968.
300 ## - PHYSICAL DESCRIPTION
Extent [12], 347 p.:
Other physical details map.;
Dimensions 23 cm.
350 ## - PRICE (NR) (BK AM CF MU VM SE) [OBSOLETE]
Price 55/-
490 0# - SERIES STATEMENT
Series statement Studies in social history
500 ## - GENERAL NOTE
General note Based on thesis, Australian National University, 1964.
504 ## - BIBLIOGRAPHY, ETC. NOTE
Bibliography, etc. note Bibliography: p. 333-339.
650 #0 - SUBJECT ADDED ENTRY--TOPICAL TERM
Topical term or geographic name entry element Social history
Chronological subdivision 19th century.
651 #0 - SUBJECT ADDED ENTRY--GEOGRAPHIC NAME
Geographic name Maharashtra (India)
General subdivision Social conditions.
651 #0 - SUBJECT ADDED ENTRY--GEOGRAPHIC NAME
Geographic name Maharashtra (India)
General subdivision History.
906 ## - LOCAL DATA ELEMENT F, LDF (RLIN)
a 7
b cbc
c orignew
d u
e ncip
f 19
g y-gencatlg
942 ## - ADDED ENTRY ELEMENTS (KOHA)
Source of classification or shelving scheme Dewey Decimal Classification
Koha item type Books
Holdings
Withdrawn status Lost status Source of classification or shelving scheme Damaged status Not for loan Collection code Home library Current library Shelving location Date acquired Source of acquisition Total Checkouts Full call number Barcode Date last seen Copy number Price effective from Koha item type Public note
    Dewey Decimal Classification   Not For Loan Non-fiction Asiatic Society Library Asiatic Society Library Harrison Collection 09/09/2020 Donated by Prof. John B. Harrison   306.0954 KUW 100906 09/09/2020 C-1 09/09/2020 Books RARE
    Dewey Decimal Classification   Not For Loan Non-fiction Asiatic Society Library Asiatic Society Library Ludden Collection 01/16/2021 Donated by Prof. David Ludden   306.0954 KUW 104398 01/16/2021 C-2 01/16/2021 Books RARE

Powered by Koha